| 000 | 00473nam a2200193 a 4500 | ||
|---|---|---|---|
| 001 | 13361 | ||
| 003 | CO-ViMGA | ||
| 008 | 141112s2004 ck r 000 u spa d | ||
| 020 | _a8471784393 | ||
| 040 |
_aCO-ViMGA _bspa _cCO-ViMGA |
||
| 082 | 0 | 4 | _aDENcam |
| 100 | 1 | _aDenou, Violeta | |
| 245 | 1 | 0 | _aTeo va de camping |
| 260 |
_aBarcelona : _bCeac, _c1998 |
||
| 300 | _a25 : ils | ||
| 490 | _aTeo descubre el mundo | ||
| 650 | 1 | 4 |
_aCUENTOS INFANTILES _92743 |
| 942 |
_2ddc _cBK |
||
| 999 |
_c24106 _d24106 |
||